Pensamiento crítico
Gorde:
| Egile Nagusiak: | , |
|---|---|
| Formatua: | Liburua |
| Hizkuntza: | gaztelania |
| Argitaratua: |
Ciudad de México
Pearson Educación
2006
|
| Edizioa: | 1a. ed |
| Gaiak: | |
| Etiketak: |
Etiketa erantsi
Etiketarik gabe, Izan zaitez lehena erregistro honi etiketa jartzen!
|
MARC
| LEADER | 00000nam a2200000 a 4500 | ||
|---|---|---|---|
| 001 | UCI3583 | ||
| 003 | CL-VaPUC | ||
| 008 | 071116e20060000MX |||||||||||||||||spa|d | ||
| 020 | |a 9702607116 | ||
| 082 | 0 | 4 | |a 153.42 |b CAZ |2 21 |
| 100 | 0 | |a Cázares González, Fidel Gerardo |e author |9 524972 | |
| 700 | 0 | |a López Díaz, José Luis |e author |9 524973 | |
| 245 | 1 | 0 | |a Pensamiento crítico |
| 250 | |a 1a. ed | ||
| 300 | |a 130 p | ||
| 942 | |c BK | ||
| 945 | |d 20071116 00:00:00 |a jtorresc | ||
| 260 | |a Ciudad de México |b Pearson Educación |c 2006 | ||
| 650 | 0 | |a Pensamiento crítico |9 455560 | |
| 650 | 0 | |a Cognición |9 270347 | |
| 650 | 0 | |a Psicología del aprendizaje |9 306854 | |
| 650 | 0 | |a Pensamiento creativo |9 310706 | |
| 583 | |a last modification |c 20071116 00:00:00 |k Rodrigo Vera | ||
| 999 | |c 327727 |d 327725 | ||
| 952 | |0 0 |1 0 |4 0 |6 153_420000000000000_CAZ_2006 |7 0 |8 A |9 411092 |a BIBMAT |b BIBMAT |c E_DIDACT |d 2019-11-22 |i 4389913 |o 153.42 CAZ 2006 |p 4389913 |r 2025-01-07 |w 2019-11-22 |y BK |k MAT | ||